[Event "GER-chT Seniors 10th"]
[Site "Rheda Wiedenbrueck"]
[Date "2001.08.13"]
[Round "2.2"]
[White "Dombrowski, Hans Joachim"]
[Black "Reer, Erdmann"]
[Result "0-1"]
[WhiteElo "1943"]
[BlackElo "2141"]
[PlyCount "146"]
[EventDate "2001.08.12"]
[EventType "team-tourn"]
[EventRounds "7"]
[EventCountry "GER"]
[SourceTitle "EXT 2002"]
[Source "ChessBase"]
[SourceDate "2001.11.25"]
[SourceVersion "1"]
[SourceVersionDate "2001.11.25"]
[SourceQuality "1"]
[WhiteTeam "Schleswig Holstein Seniors II"]
[BlackTeam "Bayern Seniors II"]
[WhiteTeamCountry "GER"]
[BlackTeamCountry "GER"]

1. c4 e5 2. Nc3 Nc6 3. Nf3 g6 4. e3 Bg7 5. Be2 d6 6. 0-0 f5 7. d4 e4 8. Ne1 Nf6 9. a3 0-0 10. b4 Kh8 11. Qc2 Qe7 12. g3 Nd8 13. Ng2 c6 14. Bb2 Be6 15. d5 cxd5 16. Nxd5 Nxd5 17. Bxg7+ Qxg7 18. cxd5 Rc8 19. Qd2 Bd7 20. Rac1 Nf7 21. Nf4 Ne5 22. Ne6 Bxe6 23. dxe6 Qe7 24. Qd4 Qxe6 25. f4 exf3 26. Bxf3 b6 27. Bb7 Rxc1 28. Rxc1 Qd7 29. Bc6 Qc7 30. b5 h6 31. Rd1 Rd8 32. Kg2 Kh7 33. Qd5 Ng4 34. Re1 Qe7 35. Qd4 Nf6 36. Rf1 d5 37. h3 Qe4+ 38. Kg1 Qxd4 39. exd4 Kg7 40. Kg2 Rd6 41. Re1 Ne4 42. g4 Kf6 43. gxf5 gxf5 44. Kf3 Ng5+ 45. Kg2 Re6 46. Rd1 Rd6 47. h4 Ne6 48. Kf3 Nd8 49. Rc1 Ke7 50. Kf4 Ne6+ 51. Ke5 Nc7 52. Kxf5 Rf6+ 53. Kg4 Kd6 54. a4 Re6 55. Kh5 Re4 56. Rd1 Ne6 57. Bb7 Nxd4 58. Kxh6 Rxh4+ 59. Kg5 Re4 60. Rc1 Ne6+ 61. Kh6 Nc5 62. Bc6 Rxa4 63. Rd1 d4 64. Be8 Kd5 65. Kg5 d3 66. Kf5 Kd4 67. Kf4 Kc3+ 68. Kg3 Kc2 69. Bh5 Ne4+ 70. Kg2 d2 71. Rf1 Nc3 72. Bg6+ Kb2 73. Bh5 Rd4 0-1